00240nam a2200073Ia 4500082001500000245007100015100003900086008004100125 a371.2 EDUC 0aEducation management and leadership : a South African perspective  a Naidu, Anusha Cape Town, 2008 210817s9999 xx 000 0 und d